000 00819nam a2200253Ia 4500
003 OSt
005 20220928122022.0
006 a|||||r|||| 00| 0
007 ta
008 220927b |||||||| |||| 00| 0 eng d
020 _c895
024 _a124426
037 _b075, 16/09/2014, Classic Book Service
_cTextual
040 _aSDCL
_cSDCL
_beng
041 _2eng
_aeng
082 _aV2,7'N5, Q4
100 _aChandrachud Abhinav
_9455443
245 0 _aInformal Constitution
_b Unwriitten criteria in selecting judges for the supreme court of India.
260 _aNew Delhi
_bOxford University Press
_c2014
300 _axiii;303p.
_ccm.
650 _aPolitical Science
942 _hV2,7'N5, Q4
_cTEXL
_2CC
999 _c769102
_d769102